| 000 | 00763nam a2200241Ia 4500 | ||
|---|---|---|---|
| 003 | OSt | ||
| 005 | 20221005133827.0 | ||
| 006 | a|||||r|||| 00| 0 | ||
| 007 | ta | ||
| 008 | 221004b |||||||| |||| 00| 0 pan d | ||
| 024 | _a27669 | ||
| 037 | _cTextual | ||
| 040 |
_aCRL _cCRL _bpan |
||
| 041 |
_2pan _apan |
||
| 082 | _aT:2z7, 153K2 | ||
| 100 | _aਹੁਸੈਨ, ਗ਼ਾਕਿਰ | ||
| 245 | 0 | _aਭਾਰਤ ਵਿਚ ਵਿਦਿਆ ਦਾ ਪੁਨਰ - ਨਿਰਮਾਣ | |
| 260 | _c1962 | ||
| 650 |
_aFੳFਣਟਾਂ _9169154 |
||
| 700 | _a ਸਿੰਘ, ਕੇ. ਜੇ., ੳਗ. | ||
| 942 |
_hT:2z7, 153K2 _cTEXL _2cc |
||
| 999 |
_c1068000 _d1068000 |
||